000 01988nam a2200289Ia 4500
001 G6461
003 IT-RoPAU
008 130308s9999 xx 000 0 und d
040 _aIT-RoPAU
040 _cIT-RoPAU
041 _aITALIANO
100 _aMiceli Sergio
100 _gCodice Aut. SPICS: 12877
245 _aMusica e cinema nella cultura del Novecento
245 _bMusica e Cinema nella Cultura del Novecento
250 _a2a ed.
260 _aMILANO
260 _bRCS Editore
260 _c2000 [1° Ed.:1982 - Ed.Ling.Originale:1982]
300 _a"556 p. (prefazione: 16; testo: 540 [pagine: 0-0])"
500 _a"Prima Edizione con Il Titolo: ""La Musica nel Film. Arte e Artigianato"" dell'Editrice Discanto. Nuova Edizione con Qualche Aggiornamento. Musica nel Cinema Muto: Dalle Origini al Theatre Optique di Reynaud; Riproduzione meccanica del Suono e del Movimento; I Fratelli Lumiere; Il Ragtime; Nescita Delfilm a Soggetto e Sue Implicanze Musicali; Manuali e Repertori, Verso la codifica dell'Accompagnamento; Letteratura e Musica nel Cinema Italiano Anni10; Musica e Avanguardie Storiche Verso Il Cinema; Canudo e I Cineasti; Coerenza di Erik Satie; Ballet mecanique e ragioni del Silenzio; Cinema sovietico Verso L'Unità delle Arti. Sonoro Dalle teorie Alla Prassi: Avvento del Sonoro; Asincronismo e Straniamento; Schonberg, Berg e Il Cinema; Ejzenstejn Prokof'Ev. tendenze Ermeneutiche nella Musica per Film: Recuperi, restauri e Post Sonorizzazioni; Acciaio di Ruttmann e Malipiero; Aleksandr Nevskij: rinascita e Trasfigurazione di un Capolavoro; Analisi della Musica nel Film. Sodalizio Rota Fellini: profilo di nino Rota: Dalla Radiogenia al Cinema; Fellini e la Musica Come Personaggio. Appendice: Il Musicista nel Cinema del Secondo Novecento: Colloqui con nino Rota, Ennio Morricone e Franco Piersanti. Bibliografia."
650 _aGENERI MUSICALI
650 _eCodice materia Spics: 7010
942 _cBK
957 _71
999 _c94537
_d94537
999 _g1